| 000 | 00000nam 2200000zi 4500 |
| 001 | 9.940175 |
| 003 | CaOODSP |
| 005 | 20240910134334 |
| 006 | m o d f |
| 007 | cr mn||||||||| |
| 008 | 240705e20240724onc ob f000 0 fre d |
| 020 | |a9780660726649 |q(déclaration) |
| 020 | |a9780660726663 |q(résumé) |
| 040 | |aCaOODSP|bfre|erda|cCaOODSP |
| 043 | |an-cn--- |
| 086 | 1 |aHP40-157/2024F-PDF |
| 086 | 1 |aHP40-157/2024-1F-PDF |
| 245 | 00|aMise à jour des recommandations sur les vaccins contre le virus du papillome humain (VPH). |
| 264 | 1|aOttawa (Ontario) : |bAgence de la santé publique du Canada = Public Health Agency of Canada, |c24 juillet 2024. |
| 264 | 4|c©2024 |
| 300 | |a1 ressource en ligne (41 pages) + |erésumé (5 pages) |
| 336 | |atexte|btxt|2rdacontent/fre |
| 337 | |ainformatique|bc|2rdamedia/fre |
| 338 | |aressource en ligne|bcr|2rdacarrier/fre |
| 500 | |aPublié aussi en anglais sous le titre : Updated recommendations on human papillomavirus (HPV) vaccines. |
| 500 | |aSur la couverture : Une déclaration d'un comité consultatif (DCC), Comité consultatif national de l'immunisation (CCNI). |
| 500 | |a« Pub. : 240332 » -- Page 1. |
| 500 | |a« Pub. : 240334 » -- Page 2 (résumé). |
| 504 | |aComprend des références bibliographiques (pages 33-41). |
| 650 | 6|aVaccins antipapillomavirus|xPolitique gouvernementale|zCanada. |
| 650 | 6|aMaladies à papillomavirus|xVaccination|xPolitique gouvernementale|zCanada. |
| 710 | 2 |aAgence de santé publique du Canada, |eorganisme de publication. |
| 710 | 1 |aCanada. |bComité consultatif national de l'immunisation, |eorganisme de publication. |
| 775 | 08|tUpdated recommendations on human papillomavirus (HPV) vaccines.|w(CaOODSP)9.940176 |
| 856 | 40|qPDF|s973 Ko|uhttps://publications.gc.ca/collections/collection_2024/aspc-phac/HP40-157-2024-fra.pdf|z(déclaration) |
| 856 | 40|qPDF|s446 Ko|uhttps://publications.gc.ca/collections/collection_2024/aspc-phac/HP40-157-2024-1-fra.pdf|z(résumé) |
| 856 | 4 |qHTML|sS.O.|uhttps://www.canada.ca/fr/sante-publique/services/publications/vaccins-immunisation/comite-consultatif-national-immunisation-mise-jour-recommandations-vaccins-vph.html|z(déclaration) |
| 856 | 4 |qHTML|sS.O.|uhttps://www.canada.ca/fr/sante-publique/services/publications/vaccins-immunisation/comite-consultatif-national-immunisation-resume-mise-jour-recommandations-vaccins-vph.html|z(résumé) |
| 986 | |a240332 |
| 986 | |a240334 |